[Event "DEM U10/U10w 2009"]
[Site "Willingen GER"]
[Date "2009.06.04"]
[Round "8"]
[White "Rogozenco, Teodora Nana"]
[Black "Hutton, Jim"]
[Result "1-0"]
[Termination "normal"]
[Board "33"]
[WhiteElo "798"]
[BlackElo "1167"]
[PlyCount "119"]
[WhiteFideId "12938084"]
[EventCountry "GER"]
[EventRounds "11"]
[EventType "swiss"]
[EventDate "2009.05.30"]

1. d4 d5 2. c4 dxc4 3. Nc3 Nf6 4. e4 c6 5. Be3 b5 6. e5 Ng4 7. Bf4 g6 8. a4 Qb6
9. a5 Qa6 10. Ne4 Qb7 11. Nc5 Qc7 12. g3 Qd8 13. Bg2 f5 14. Qd2 e6 15. Bg5 Be7
16. Bxe7 Qxe7 17. h3 Nxe5 18. dxe5 Qxc5 19. O-O-O Qe7 20. Nf3 O-O 21. Qh6 Qg7
22. Qe3 Nd7 23. Ng5 Nxe5 24. Nxe6 Bxe6 25. Rhe1 Bd7 26. Qxe5 Qxe5 27. Rxe5 Rfe8
28. Rc5 Rad8 29. Bxc6 Bxc6 30. Rxc6 Rxd1+ 31. Kxd1 h5 32. Rxg6+ Kf7 33. Rh6 Re6
34. Rxh5 Kg6 35. Rh4 Ra6 36. Rd4 Rxa5 37. Rd6+ Kg5 38. Rd7 Ra2 39. Rd2 f4 40.
Rd5+ Kf6 41. Rd2 fxg3 42. fxg3 a5 43. Ke2 Ke5 44. h4 b4 45. h5 c3 46. bxc3
Rxd2+ 47. Kxd2 bxc3+ 48. Kxc3 Kf6 49. g4 Kg5 50. Kb3 Kxg4 51. h6 Kg5 52. h7 a4+
53. Kxa4 Kf4 54. h8=Q Ke4 55. Qh5 Kd4 56. Kb5 Ke4 57. Kc6 Kf4 58. Kd6 Ke4 59.
Qe5+ Kd3 60. Kd5 1-0

[Event "DEM U10/U10w 2009"]
[Site "Willingen GER"]
[Date "2009.06.04"]
[Round "8"]
[White "Riewe, Jana"]
[Black "Reuker, Jari"]
[Result "0-1"]
[Termination "normal"]
[Board "34"]
[WhiteElo "779"]
[BlackElo "1147"]
[PlyCount "64"]
[BlackFideId "12909300"]
[EventCountry "GER"]
[EventRounds "11"]
[EventType "swiss"]
[EventDate "2009.05.30"]

1. e4 d5 2. exd5 Qxd5 3. Nf3 Nf6 4. Nc3 Qa5 5. d4 Bf5 6. Bc4 e6 7. O-O Nbd7 8.
Bf4 c6 9. Re1 Bb4 10. Bd2 O-O 11. a3 Bxc3 12. Bxc3 Qc7 13. Bd2 Rad8 14. Bg5 h6
15. Bh4 c5 16. dxc5 Qxc5 17. b3 b5 18. Bd3 Bxd3 19. Qxd3 g5 20. Bg3 Nh5 21. Bd6
Ne5 22. Bxc5 Nxd3 23. Bxf8 Nxe1 24. Rxe1 Kxf8 25. c4 Rd3 26. Rb1 bxc4 27. bxc4
Rxa3 28. Rc1 a5 29. c5 Ke8 30. Ne5 Nf4 31. Rc2 Ra1+ 32. Rc1 Rxc1# 0-1

[Event "DEM U10/U10w 2009"]
[Site "Willingen GER"]
[Date "2009.06.04"]
[Round "8"]
[White "Moses, Selina"]
[Black "Schaefer, Matthes"]
[Result "1/2-1/2"]
[Termination "normal"]
[Board "35"]
[WhiteElo "1044"]
[BlackElo "1311"]
[PlyCount "53"]
[WhiteFideId "12908070"]
[BlackFideId "12946117"]
[EventCountry "GER"]
[EventRounds "11"]
[EventType "swiss"]
[EventDate "2009.05.30"]

1. e4 c5 2. Nc3 d6 3. g3 Nf6 4. Bg2 g6 5. Nf3 Bg7 6. O-O O-O 7. h3 Nc6 8. d3
Be6 9. Be3 Qd7 10. Kh2 Qc7 11. Qd2 Rad8 12. Bh6 b6 13. Bxg7 Kxg7 14. Ne1 Ne5
15. f4 Nc6 16. g4 Bc8 17. Kh1 Rh8 18. Rg1 h6 19. f5 g5 20. Nf3 Nh7 21. h4 e5
22. Bh3 f6 23. h5 Ne7 24. Nb5 Qd7 25. a4 a6 26. Nc3 a5 27. Nb5 1/2-1/2

[Event "DEM U10/U10w 2009"]
[Site "Willingen GER"]
[Date "2009.06.04"]
[Round "8"]
[White "Kast, Larissa"]
[Black "Walker, Julia"]
[Result "1/2-1/2"]
[Termination "normal"]
[Board "36"]
[WhiteElo "1011"]
[BlackElo "1066"]
[PlyCount "63"]
[WhiteFideId "24699055"]
[BlackFideId "1271852"]
[EventCountry "GER"]
[EventRounds "11"]
[EventType "swiss"]
[EventDate "2009.05.30"]

1. d4 d5 2. c4 e6 3. Nc3 Nf6 4. Bg5 Nbd7 5. e3 c6 6. Nf3 Qa5 7. cxd5 Nxd5 8.
Rc1 Bb4 9. Qd3 Qxa2 10. e4 Qxb2 11. exd5 cxd5 12. Be2 Bxc3+ 13. Qxc3 Qxc3+ 14.
Rxc3 O-O 15. O-O a5 16. Ra1 b6 17. Bb5 Nf6 18. Bxf6 gxf6 19. Rb3 Bb7 20. Bd3
Rfc8 21. Rxb6 Rc7 22. Rb5 a4 23. Rb2 Rac8 24. Rxa4 Rc1+ 25. Bf1 Rd1 26. Rd2
Rcc1 27. Rxd1 Rxd1 28. h3 Bc6 29. Ra2 Bb5 30. Nh2 e5 31. g3 exd4 32. Kg2
1/2-1/2

[Event "DEM U10/U10w 2009"]
[Site "Willingen GER"]
[Date "2009.06.04"]
[Round "8"]
[White "Schmitt, Marco"]
[Black "Sadewasser, Lucie"]
[Result "1/2-1/2"]
[Termination "normal"]
[Board "37"]
[WhiteElo "993"]
[BlackElo "989"]
[PlyCount "67"]
[BlackFideId "12905445"]
[EventCountry "GER"]
[EventRounds "11"]
[EventType "swiss"]
[EventDate "2009.05.30"]

1. e4 e5 2. Nf3 Nc6 3. Bc4 Nf6 4. d3 Be7 5. c3 d6 6. Bb3 Bg4 7. h3 Bh5 8. g4
Bg6 9. Nbd2 Qd7 10. Nf1 d5 11. exd5 Nxd5 12. Ba4 Nb6 13. Nxe5 Qe6 14. Bxc6+
bxc6 15. d4 f6 16. Bf4 Nd5 17. Qd2 Bd6 18. c4 Nxf4 19. Qxf4 fxe5 20. dxe5 Qxe5+
21. Qxe5+ Bxe5 22. O-O-O Bf4+ 23. Ne3 O-O 24. Kd2 Rad8+ 25. Ke2 Rxd1 26. Rxd1
Re8 27. b3 h5 28. Kf3 Bxe3 29. fxe3 hxg4+ 30. hxg4 Be4+ 31. Kf4 Bc2 32. Rd7 Rc8
33. Ke5 Kf8 34. Kd4 1/2-1/2

[Event "DEM U10/U10w 2009"]
[Site "Willingen GER"]
[Date "2009.06.04"]
[Round "8"]
[White "Stobbe, Frederik"]
[Black "Döpper, Anna Berenice"]
[Result "1-0"]
[Termination "normal"]
[Board "38"]
[WhiteElo "1185"]
[BlackElo "919"]
[PlyCount "33"]
[BlackFideId "1271853"]
[EventCountry "GER"]
[EventRounds "11"]
[EventType "swiss"]
[EventDate "2009.05.30"]

1. e4 e6 2. d4 d5 3. e5 c5 4. c3 Nc6 5. Nf3 Qb6 6. Bd3 cxd4 7. cxd4 Nxd4 8.
Nxd4 Qxd4 9. Bb5+ Bd7 10. Qxd4 Bxb5 11. Nc3 Bc6 12. O-O b6 13. a4 Bc5 14. Qg4
g6 15. Nb5 Kd7 16. Bg5 a6 17. Nd4 1-0

[Event "DEM U10/U10w 2009"]
[Site "Willingen GER"]
[Date "2009.06.04"]
[Round "8"]
[White "Reimers, Kim"]
[Black "Simon, Tessa"]
[Result "0-1"]
[Termination "normal"]
[Board "39"]
[WhiteElo "901"]
[BlackElo "1032"]
[PlyCount "42"]
[WhiteFideId "12930377"]
[BlackFideId "12929395"]
[EventCountry "GER"]
[EventRounds "11"]
[EventType "swiss"]
[EventDate "2009.05.30"]

1. e4 e5 2. Nf3 Nc6 3. d4 exd4 4. Nxd4 Nf6 5. Nc3 Bb4 6. f3 d5 7. Bd3 Nxd4 8.
e5 Nd7 9. Bxh7 Rxh7 10. Qxd4 c5 11. Qxd5 Qh4+ 12. g3 Qd4 13. Qb3 Nxe5 14. Bd2
Nxf3+ 15. Ke2 Bg4 16. Be3 Nxh2+ 17. Kf2 Qf6+ 18. Kg2 Qf3+ 19. Kg1 Qxe3+ 20. Kg2
Rd8 21. Rhd1 Bf3# 0-1

[Event "DEM U10/U10w 2009"]
[Site "Willingen GER"]
[Date "2009.06.04"]
[Round "8"]
[White "Schneider, Jana"]
[Black "Reyher, Susan"]
[Result "0-1"]
[Termination "normal"]
[Board "40"]
[WhiteElo "886"]
[BlackElo "1004"]
[PlyCount "56"]
[WhiteFideId "12924997"]
[BlackFideId "24686107"]
[EventCountry "GER"]
[EventRounds "11"]
[EventType "swiss"]
[EventDate "2009.05.30"]

1. e4 e5 2. Nf3 Nc6 3. Nc3 Nf6 4. Bb5 Bc5 5. O-O O-O 6. d3 d6 7. Bg5 h6 8. Bh4
a6 9. Bxc6 bxc6 10. Re1 Bg4 11. h3 Bh5 12. Qe2 Rb8 13. b3 Bb4 14. Qd2 Qd7 15.
Bxf6 gxf6 16. a3 Bxc3 17. Qxc3 Bxf3 18. gxf3 Qxh3 19. Qxc6 Kh8 20. Qd7 Qxd7 21.
Kf1 Rg8 22. Ke2 Qh3 23. Rad1 Qg2 24. Rh1 Rg3 25. Kd2 Qxf2+ 26. Kc1 Rg2 27. Kb1
Qxc2+ 28. Ka1 Qa2# 0-1

[Event "DEM U10/U10w 2009"]
[Site "Willingen GER"]
[Date "2009.06.04"]
[Round "8"]
[White "Lederer, Leia"]
[Black "Wächter, Nathalie"]
[Result "0-1"]
[Termination "normal"]
[Board "41"]
[WhiteElo "944"]
[BlackElo "804"]
[PlyCount "116"]
[WhiteFideId "12926353"]
[BlackFideId "12921033"]
[EventCountry "GER"]
[EventRounds "11"]
[EventType "swiss"]
[EventDate "2009.05.30"]

1. e4 e5 2. Nf3 Nc6 3. Bb5 a6 4. Ba4 Nf6 5. O-O Be7 6. Re1 b5 7. Bb3 O-O 8. Nc3
d6 9. d3 Bb7 10. Nh4 Na5 11. Bd5 Nxd5 12. Nxd5 Bxd5 13. exd5 Bxh4 14. Qg4 f5
15. Qf3 e4 16. Qe3 exd3 17. Bd2 Nc4 18. Qe6+ Kh8 19. Bc3 Bf6 20. Bxf6 Rxf6 21.
Qe7 d2 22. Qxd8+ Rxd8 23. Red1 Nxb2 24. Rxd2 Nc4 25. Re2 Na5 26. Rae1 Rff8 27.
Re7 c6 28. Rc7 Rde8 29. Rf1 cxd5 30. h3 f4 31. Rb1 f3 32. gxf3 Rxf3 33. Kg2 Rf6
34. Rg1 Rg6+ 35. Kf1 Rxg1+ 36. Kxg1 Re1+ 37. Kg2 h6 38. Kg3 Rg1+ 39. Kf4 Re1
40. Kf5 d4 41. Kg6 Rg1+ 42. Kf7 Kh7 43. Kf8 Nc4 44. h4 h5 45. a4 d5 46. a5 b4
47. Rd7 Nxa5 48. Rxd5 b3 49. Kf7 g6 50. f4 bxc2 51. f5 c1=Q 52. fxg6+ Rxg6 53.
Rxh5+ Rh6 54. Rf5 Qc7+ 55. Ke8 Kg6 56. Rg5+ Kf6 57. Rg6+ Rxg6 58. h5 Qe7# 0-1

[Event "DEM U10/U10w 2009"]
[Site "Willingen GER"]
[Date "2009.06.04"]
[Round "8"]
[White "Müller, Sophie"]
[Black "Michalowski, Sophia"]
[Result "0-1"]
[Termination "normal"]
[Board "45"]
[WhiteElo "842"]
[BlackElo "951"]
[PlyCount "60"]
[WhiteFideId "12926698"]
[BlackFideId "12902454"]
[EventCountry "GER"]
[EventRounds "11"]
[EventType "swiss"]
[EventDate "2009.05.30"]

1. e4 c6 2. d4 d5 3. exd5 cxd5 4. Nc3 Nf6 5. Bf4 Bf5 6. Bb5+ Nc6 7. Nf3 e6 8.
O-O Bb4 9. Ne5 Rc8 10. Qe1 O-O 11. Nxc6 bxc6 12. Ba6 Rb8 13. Bxb8 Qxb8 14. a3
Ng4 15. g3 Be7 16. Ne2 Qd8 17. f3 Ne3 18. Rf2 Nxc2 19. Qd1 Nxa1 20. Qxa1 Qb6
21. g4 Qxa6 22. gxf5 exf5 23. Rg2 Qd3 24. Qf1 Re8 25. Qf2 Bd6 26. h3 Re3 27.
Qf1 Rxf3 28. Qe1 Qe3+ 29. Kh1 Rxh3+ 30. Rh2 Rxh2# 0-1

[Event "DEM U10/U10w 2009"]
[Site "Willingen GER"]
[Date "2009.06.04"]
[Round "8"]
[White "Flüchter, Gregor"]
[Black "Gheng, Christian"]
[Result "1-0"]
[Termination "normal"]
[Board "46"]
[WhiteElo "1226"]
[BlackElo "1386"]
[PlyCount "120"]
[WhiteFideId "12903396"]
[BlackFideId "24660345"]
[EventCountry "GER"]
[EventRounds "11"]
[EventType "swiss"]
[EventDate "2009.05.30"]

1. e4 c5 2. c4 d6 3. Ne2 Nf6 4. Nbc3 g6 5. d4 cxd4 6. Nxd4 Bg7 7. Be2 O-O 8.
O-O Nc6 9. Be3 Bd7 10. f3 Rc8 11. Rc1 Ne5 12. b3 b6 13. Qd2 Nc6 14. Rfd1 h6 15.
Nxc6 Bxc6 16. Bxh6 Qc7 17. Bxg7 Kxg7 18. Nd5 Bxd5 19. cxd5 Qb7 20. Rxc8 Qxc8
21. Rc1 {es folgte nun regelwidrig Dc3, deshalb als Eingabe Dc2 um die Partie
fortzusetzen.} 21... Qb7 22. Qc2 Nd7 23. Qc7 Rb8 24. Qxb7 Rxb7 25. Ba6 Rb8 26.
Rc7 Nc5 27. Bc4 b5 28. Be2 e6 29. dxe6 Nxe6 30. Rxa7 Nc5 31. Ra5 b4 32. Bc4 f5
33. Ra7+ Kf6 34. Rf7+ Ke5 35. exf5 gxf5 36. Re7+ Kd4 37. Re1 Nb7 38. Re2 Kc3
39. g4 fxg4 40. fxg4 Rd8 41. Bd5 Nc5 42. Kg2 Nd3 43. Kg3 Ne5 44. h4 Rf8 45. g5
Kd4 46. Bg2 Nd3 47. Re4+ Kc3 48. h5 Rf5 49. Kg4 Rf2 50. Rc4+ Kb2 51. Bd5 Ne5+
52. Kg3 Rf5 53. Rxb4 Rxg5+ 54. Kh4 Rg7 55. a4 Nd3 56. Rb7 Rg1 57. h6 Rf1 58. h7
Rf4+ 59. Kg3 Rf8 60. Bg8 Ne5 1-0

[Event "DEM U10/U10w 2009"]
[Site "Willingen GER"]
[Date "2009.06.05"]
[Round "9"]
[White "Sawlin, Leonid"]
[Black "Baskin, Robert"]
[Result "1-0"]
[Termination "normal"]
[Board "1"]
[WhiteElo "1853"]
[BlackElo "1697"]
[PlyCount "95"]
[WhiteFideId "4689542"]
[BlackFideId "24662402"]
[EventCountry "GER"]
[EventRounds "11"]
[EventType "swiss"]
[EventDate "2009.05.30"]

1. e4 e6 2. d4 d5 3. Nc3 Bb4 4. e5 c5 5. a3 Bxc3+ 6. bxc3 Ne7 7. Qg4 O-O 8. Nf3
Nbc6 9. Bd3 f5 10. exf6 Rxf6 11. Ne5 c4 12. Be2 Nxe5 13. dxe5 Rg6 14. Qh3 Qc7
15. Bf4 Qa5 16. O-O Bd7 17. Bh5 Rf8 18. Qe3 Nf5 19. Qd2 Be8 20. Bxg6 Bxg6 21.
Rfb1 Qc7 22. a4 Ne7 23. Re1 Bxc2 24. Qxc2 Rxf4 25. Rab1 Ng6 26. g3 Rf5 27. f4
b6 28. Qb2 Qc5+ 29. Kg2 Ne7 30. Qb5 Qxb5 31. axb5 Rf7 32. Ra1 Nf5 33. g4 Nh4+
34. Kg3 Ng6 35. Rf1 Rc7 36. h4 Nf8 37. f5 g6 38. f6 Kf7 39. Ra3 Nd7 40. Kf4 Nc5
41. Ke3 Nb3 42. g5 Na5 43. h5 gxh5 44. Rh1 Kg6 45. Ra2 Kxg5 46. Rg2+ Kh6 47.
Rgh2 Kg6 48. Rxh5 1-0

[Event "DEM U10/U10w 2009"]
[Site "Willingen GER"]
[Date "2009.06.05"]
[Round "9"]
[White "Lagunow, Raphael"]
[Black "Dürr, Florian"]
[Result "1-0"]
[Termination "normal"]
[Board "2"]
[WhiteElo "1491"]
[BlackElo "1649"]
[PlyCount "69"]
[WhiteFideId "24652644"]
[BlackFideId "24659134"]
[EventCountry "GER"]
[EventRounds "11"]
[EventType "swiss"]
[EventDate "2009.05.30"]

1. Nf3 c6 2. g3 g6 3. Bg2 Bg7 4. O-O Nf6 5. d3 O-O 6. e4 d6 7. Nbd2 Nbd7 8. Ne1
Qc7 9. f4 Rb8 10. Kh1 b5 11. f5 Nb6 12. g4 Bb7 13. g5 Nfd7 14. Ndf3 c5 15. Rb1
a6 16. Nh4 a5 17. Bf4 b4 18. Qg4 Qd8 19. Qg3 Na4 20. f6 exf6 21. Bxd6 fxg5 22.
Nhf3 g4 23. Nd2 Nxb2 24. Bxf8 Qxf8 25. Qxg4 Ne5 26. Qg3 Na4 27. Nef3 Nxf3 28.
Nxf3 Nc3 29. Rbe1 Qe8 30. Bh3 f6 31. Bd7 Qd8 32. Be6+ Kh8 33. Nh4 Qf8 34. Nxg6+
hxg6 35. Qh4+ 1-0

[Event "DEM U10/U10w 2009"]
[Site "Willingen GER"]
[Date "2009.06.05"]
[Round "9"]
[White "Scholz, Robert"]
[Black "Ovsepyan, Arshak"]
[Result "0-1"]
[Termination "normal"]
[Board "3"]
[WhiteElo "1497"]
[BlackElo "1863"]
[PlyCount "102"]
[WhiteFideId "1270301"]
[BlackFideId "24690236"]
[EventCountry "GER"]
[EventRounds "11"]
[EventType "swiss"]
[EventDate "2009.05.30"]

1. e4 e6 2. d4 d5 3. Nc3 Bb4 4. exd5 exd5 5. Bd3 Ne7 6. Nge2 Bf5 7. O-O O-O 8.
Ng3 Bxd3 9. Qxd3 Ng6 10. Nf5 Nc6 11. Qg3 Nce7 12. Nxe7+ Bxe7 13. f4 f5 14. Bd2
Qd7 15. Qf3 c6 16. Rae1 Bf6 17. Qd3 Rae8 18. Ne2 Re4 19. c3 Rfe8 20. Rf3 Qe6
21. Kf2 Kf7 22. g3 h5 23. Re3 h4 24. Rh1 b5 25. Nc1 Nf8 26. Rhe1 g5 27. fxg5
Bxg5 28. Rxe4 fxe4 29. Qe2 hxg3+ 30. hxg3 Qf5+ 31. Kg1 Kg6 32. Bxg5 Qxg5 33.
Qf2 Ne6 34. Qe3 Rf8 35. Qxg5+ Kxg5 36. Nb3 Kg4 37. Re3 Rf3 38. Rxf3 Kxf3 39. g4
Kxg4 40. Kf2 Kf4 41. Na5 c5 42. dxc5 Nxc5 43. Nc6 a6 44. Nb4 Nd3+ 45. Nxd3+
exd3 46. b4 Ke4 47. a3 Kf4 48. Kf1 Ke3 49. Ke1 d2+ 50. Kd1 Kd3 51. c4 bxc4 0-1

[Event "DEM U10/U10w 2009"]
[Site "Willingen GER"]
[Date "2009.06.05"]
[Round "9"]
[White "Mager, Denis"]
[Black "Flüchter, Gregor"]
[Result "0-1"]
[Termination "normal"]
[Board "4"]
[WhiteElo "1497"]
[BlackElo "1226"]
[PlyCount "120"]
[WhiteFideId "24691127"]
[BlackFideId "12903396"]
[EventCountry "GER"]
[EventRounds "11"]
[EventType "swiss"]
[EventDate "2009.05.30"]

1. Nf3 d5 2. d4 Nf6 3. c4 e6 4. e3 a6 5. b3 c5 6. Bb2 b6 7. Nc3 Bb7 8. Be2 Nc6
9. dxc5 Bxc5 10. cxd5 exd5 11. O-O O-O 12. Rc1 Rc8 13. a3 d4 14. exd4 Nxd4 15.
Nxd4 Bxd4 16. Na4 Bxb2 17. Qxd8 Rfxd8 18. Rxc8 Rxc8 19. Nxb2 Rc2 20. Rd1 g6 21.
Bc4 Rxb2 22. f3 b5 23. Bf1 Rxb3 24. Rd6 Kg7 25. Rb6 Bc8 26. Rc6 Be6 27. Rxa6
Nd5 28. Ra5 Nc3 29. Kf2 b4 30. axb4 Rxb4 31. Bd3 Rb2+ 32. Kg3 Nd1 33. Re5 Kf6
34. Re1 Nc3 35. Re3 Nd5 36. Re1 Ne7 37. h3 Nf5+ 38. Bxf5 Bxf5 39. f4 Rb3+ 40.
Kh2 Be6 41. Re2 Kf5 42. g3 h5 43. Rf2 Ke4 44. Kg2 Bd5 45. Rf1 Ke3+ 46. Kg1 Rb2
47. Ra1 Rg2+ 48. Kf1 Rxg3 49. Ra3+ Kxf4 50. Ra4+ Ke5 51. Ra1 Rxh3 52. Re1+ Be4
53. Kf2 g5 54. Ke2 f5 55. Kd2 g4 56. Ke2 Rh2+ 57. Kf1 g3 58. Rxe4+ Kxe4 59. Kg1
Kf3 60. Kf1 Rh1# 0-1

[Event "DEM U10/U10w 2009"]
[Site "Willingen GER"]
[Date "2009.06.05"]
[Round "9"]
[White "Schmekel, Florian"]
[Black "Brandl, Lea Maria"]
[Result "1-0"]
[Termination "normal"]
[Board "5"]
[WhiteElo "1410"]
[BlackElo "1438"]
[PlyCount "113"]
[WhiteFideId "12913456"]
[BlackFideId "24693049"]
[EventCountry "GER"]
[EventRounds "11"]
[EventType "swiss"]
[EventDate "2009.05.30"]

1. d4 d5 2. c4 e6 3. Nc3 Nf6 4. cxd5 exd5 5. Bg5 Be7 6. e3 c6 7. Nf3 Bf5 8. Be2
h6 9. Bh4 Nbd7 10. O-O O-O 11. Qb3 Qb6 12. Qxb6 axb6 13. Ne5 Rfe8 14. f4 c5 15.
Bb5 Rad8 16. Bxf6 Bxf6 17. Nxd5 Rf8 18. Nxf6+ Nxf6 19. dxc5 bxc5 20. Rfd1 Ne4
21. Bc4 Rxd1+ 22. Rxd1 b6 23. Nxf7 Kh7 24. Rd8 Rxd8 25. Nxd8 Nd6 26. Bd5 Bd7
27. Nf7 Nxf7 28. Bxf7 Bf5 29. Bc4 Kg6 30. h3 h5 31. h4 Kf6 32. Kf2 g6 33. Ke2
Be4 34. g3 Kf5 35. Bd3 Bxd3+ 36. Kxd3 b5 37. e4+ Ke6 38. b3 Kd6 39. a3 Ke6 40.
a4 c4+ 41. bxc4 bxa4 42. c5 a3 43. Kc3 a2 44. Kb2 Kd7 45. e5 Kc6 46. e6 Kc7 47.
Kxa2 Kc6 48. Kb3 Kc7 49. Kc3 Kc6 50. Kd4 Kc7 51. Kd5 Kd8 52. c6 g5 53. hxg5 h4
54. gxh4 Ke8 55. f5 Kf8 56. c7 Ke7 57. f6+ 1-0

[Event "DEM U10/U10w 2009"]
[Site "Willingen GER"]
[Date "2009.06.05"]
[Round "9"]
[White "Litzka, Richard"]
[Black "Bauer, Björn-Benny"]
[Result "1-0"]
[Termination "normal"]
[Board "7"]
[WhiteElo "1330"]
[BlackElo "1603"]
[PlyCount "37"]
[BlackFideId "24698741"]
[EventCountry "GER"]
[EventRounds "11"]
[EventType "swiss"]
[EventDate "2009.05.30"]

1. e4 c5 2. Nf3 Nc6 3. Bb5 e6 4. O-O g6 5. Re1 Bg7 6. c3 Nge7 7. Bxc6 Nxc6 8.
d4 O-O 9. Be3 d5 10. exd5 exd5 11. dxc5 Be6 12. Na3 h5 13. Nc2 Na5 14. Bd4 Bh6
15. b3 g5 16. Qe2 Re8 17. Qe5 Kh7 18. h4 gxh4 19. Qxh5 1-0

[Event "DEM U10/U10w 2009"]
[Site "Willingen GER"]
[Date "2009.06.05"]
[Round "9"]
[White "Pallas, Sebastian"]
[Black "Wiesner, Paula"]
[Result "1/2-1/2"]
[Termination "normal"]
[Board "8"]
[WhiteElo "1334"]
[BlackElo "1942"]
[PlyCount "59"]
[WhiteFideId "12905453"]
[BlackFideId "24654019"]
[EventCountry "GER"]
[EventRounds "11"]
[EventType "swiss"]
[EventDate "2009.05.30"]

1. d4 d5 2. c4 e6 3. Nc3 Nf6 4. Bg5 Nbd7 5. e3 c6 6. Nf3 Qa5 7. Bxf6 Nxf6 8.
Qc2 Bb4 9. a3 Ne4 10. Rc1 Bxc3+ 11. bxc3 Qxa3 12. Bd3 Nf6 13. O-O O-O 14. c5
Qa5 15. Ra1 Qc7 16. Rfb1 Bd7 17. Ra2 Rfb8 18. Rab2 h6 19. h3 Be8 20. c4 Nd7 21.
cxd5 exd5 22. Rb3 Qc8 23. Qb2 b5 24. cxb6 axb6 25. Ne5 Nxe5 26. dxe5 b5 27. Rc1
Qb7 28. e4 dxe4 29. Bxe4 Qb6 30. Qe2 1/2-1/2

[Event "DEM U10/U10w 2009"]
[Site "Willingen GER"]
[Date "2009.06.05"]
[Round "9"]
[White "Gungl, Theo"]
[Black "Paulsen, Alexej"]
[Result "1-0"]
[Termination "normal"]
[Board "9"]
[WhiteElo "1681"]
[BlackElo "1549"]
[PlyCount "67"]
[WhiteFideId "24695653"]
[BlackFideId "24662372"]
[EventCountry "GER"]
[EventRounds "11"]
[EventType "swiss"]
[EventDate "2009.05.30"]

1. d4 d5 2. c4 c6 3. Nc3 e6 4. a3 Nf6 5. Bg5 dxc4 6. e4 b5 7. Nf3 Be7 8. a4 b4
9. Nb1 Nxe4 10. Bxe7 Qxe7 11. Bxc4 Nd6 12. Bd3 Bb7 13. O-O O-O 14. Nbd2 Nd7 15.
Rc1 a5 16. Ne4 h6 17. Re1 Rfc8 18. Ne5 Nxe4 19. Bxe4 Nxe5 20. dxe5 c5 21. h3
Bxe4 22. Rxe4 Rc6 23. Re2 Rd8 24. Qf1 Rd5 25. f4 Qd7 26. Kh2 Rd2 27. Rxd2 Qxd2
28. Rd1 Qxb2 29. Rd8+ Kh7 30. Qd3+ g6 31. Qd7 Kg7 32. Qe7 g5 33. Qf6+ Kh7 34.
Qxf7# 1-0

[Event "DEM U10/U10w 2009"]
[Site "Willingen GER"]
[Date "2009.06.05"]
[Round "9"]
[White "Reimers, Juri"]
[Black "Fabiunke, Jakob"]
[Result "1-0"]
[Termination "normal"]
[Board "10"]
[WhiteElo "1503"]
[BlackElo "1289"]
[PlyCount "93"]
[WhiteFideId "24661511"]
[BlackFideId "24686085"]
[EventCountry "GER"]
[EventRounds "11"]
[EventType "swiss"]
[EventDate "2009.05.30"]

1. e4 e5 2. Nf3 Nc6 3. Bc4 Bc5 4. Qe2 a6 5. Bxf7+ Kxf7 6. Qc4+ Ke8 7. Qxc5 d6
8. Qc3 Nf6 9. d3 h6 10. h3 Be6 11. Be3 Qe7 12. Qd2 Rd8 13. Nc3 Kd7 14. O-O-O
Kc8 15. Qe1 d5 16. exd5 Nxd5 17. Bd2 Nxc3 18. Bxc3 Bf7 19. Bxe5 Nxe5 20. Qxe5
Qxe5 21. Nxe5 Bd5 22. f3 Rhe8 23. Rhe1 g5 24. Ng6 Bf7 25. Ne5 Be6 26. Nc4 Bxc4
27. dxc4 Rxd1+ 28. Kxd1 Rd8+ 29. Kc1 Rh8 30. Re4 Kd7 31. c3 Rf8 32. Kd2 Kd6 33.
Kd3 c5 34. h4 b6 35. hxg5 hxg5 36. Rg4 Rg8 37. f4 Ke6 38. Rxg5 Rd8+ 39. Ke2 Kf6
40. Rd5 Re8+ 41. Re5 Rxe5+ 42. fxe5+ Kxe5 43. Kf3 Kf6 44. Kf4 Kg6 45. g4 Kf6
46. g5+ Kg6 47. Ke5 1-0

[Event "DEM U10/U10w 2009"]
[Site "Willingen GER"]
[Date "2009.06.05"]
[Round "9"]
[White "Gschnitzer, Adrian"]
[Black "Greßmann, Moritz"]
[Result "1-0"]
[Termination "normal"]
[Board "11"]
[WhiteElo "1253"]
[BlackElo "1500"]
[PlyCount "79"]
[WhiteFideId "1270337"]
[BlackFideId "24695084"]
[EventCountry "GER"]
[EventRounds "11"]
[EventType "swiss"]
[EventDate "2009.05.30"]

1. e4 e5 2. Nf3 Nc6 3. Nc3 Nf6 4. d4 exd4 5. Nxd4 Nxd4 6. Qxd4 d6 7. Bg5 Be7 8.
O-O-O O-O 9. Bd3 h6 10. h4 Nh7 11. Bxe7 Qxe7 12. g4 Bxg4 13. Rdg1 Nf6 14. f4
Rad8 15. e5 dxe5 16. Qxe5 Rfe8 17. Ne4 Nxe4 18. Bxe4 Qxe5 19. fxe5 Bc8 20. Re1
Kh8 21. Bf3 Re7 22. Rd1 Rde8 23. Rhe1 b6 24. Bc6 Rf8 25. Rd4 Bf5 26. Rf4 Bg6
27. Bd5 Rfe8 28. Rg1 Rxe5 29. Bxf7 Bxf7 30. Rxf7 Re1+ 31. Rxe1 Rxe1+ 32. Kd2
Re4 33. Rxc7 Rxh4 34. Rxa7 Rb4 35. b3 g5 36. c4 g4 37. Rf7 g3 38. Rf1 h5 39.
Rh1 g2 40. Rxh5+ 1-0

[Event "DEM U10/U10w 2009"]
[Site "Willingen GER"]
[Date "2009.06.05"]
[Round "9"]
[White "Kollars, Dmitrij"]
[Black "Perske, Thore"]
[Result "0-1"]
[Termination "normal"]
[Board "12"]
[WhiteElo "1465"]
[BlackElo "1120"]
[PlyCount "138"]
[WhiteFideId "12909572"]
[BlackFideId "12902195"]
[EventCountry "GER"]
[EventRounds "11"]
[EventType "swiss"]
[EventDate "2009.05.30"]

1. e4 e6 2. d4 d5 3. e5 c5 4. c3 Qb6 5. Nf3 Bd7 6. a3 cxd4 7. cxd4 Bb5 8. Be2
Nc6 9. Nc3 Bxe2 10. Nxe2 Nge7 11. Ng3 Ng6 12. O-O Be7 13. b4 O-O 14. Be3 Qd8
15. Qd2 Rc8 16. Nh5 Re8 17. Rac1 a6 18. Rc2 Nh4 19. Nxh4 Bxh4 20. Bh6 g6 21.
Ng3 Qd7 22. Rd1 Ne7 23. Rdc1 Bxg3 24. fxg3 Rxc2 25. Rxc2 Rc8 26. Rxc8+ Qxc8 27.
Qc1 Qxc1+ 28. Bxc1 Nf5 29. Bb2 Ne3 30. Ba1 b5 31. Bb2 Nc4 32. Bc1 Kg7 33. Kf2
f6 34. exf6+ Kxf6 35. Ke2 Kf5 36. Kd3 e5 37. g4+ Kxg4 38. dxe5 Kf5 39. Kd4 Ke6
40. g3 Nxe5 41. Kc5 Nc4 42. Kc6 d4 43. Kb7 Kd6 44. Bf4+ Kd5 45. Kxa6 Nxa3 46.
Bc1 Nc4 47. Kxb5 d3 48. Ka6 d2 49. Bxd2 Nxd2 50. b5 Nc4 51. b6 Nxb6 52. Kxb6
Ke4 53. Kc6 Kf3 54. Kd6 Kg2 55. Ke6 Kxh2 56. g4 h5 57. g5 Kg3 58. Kf6 h4 59.
Kxg6 h3 60. Kf7 h2 61. g6 h1=Q 62. g7 Qh7 63. Kf8 Qf5+ 64. Ke7 Qg6 65. Kf8 Qf6+
66. Kg8 Kg4 67. Kh8 Qh6+ 68. Kg8 Kg5 69. Kf7 Qf6+ 0-1